000 00504nam a2200193Ia 4500
005 20230701150924.0
008 131103s9999 xx 000 0 und d
040 _aLoreto College
041 _aEnglish
082 _a954.01
_bBAN
100 _aBanerjee,N.C.
245 _aKautilya
_cN.C.Banerjee
260 _a[s.n.]
_b[s.l.]
_c[19 - ?]
300 _axiv,318 p.,[x]
504 _aIncludes index and bibliographical references
650 _aAncient Indian History
850 _aLCLIB
942 _cBK
999 _c8907
_d59386